000 00534nam a2200193Ia 4500
005 20250326141937.0
008 250326s9999 xx 000 0 und d
020 _a0-06-04542-2
037 _aTextbook
040 _aFMSL
_beng
_cFMSL
041 _aeng
_2eng
084 _aS:f M6
_qFMSL
100 _aBausell R B
245 0 _aPractical guide to conducting empirical research
_cBausell R B
260 _aNew York
_bNew York, Harper & Row
_c1986
300 _a337p
942 _cTB
_hS:f M6
999 _c1292721
_d1292721